[Event "Lliga Catalana eq. DH"]
[Site "?"]
[Date "2014.03.08"]
[Round "7.4"]
[White "Coll Ortega, J."]
[Black "Capellades Subirana, M."]
[Result "1-0"]
[WhiteElo "2376"]
[BlackElo "2290"]
[PlyCount "79"]
[EventDate "2014.??.??"]
[EventType "team"]
[EventCountry "ESP"]

1. e4 e5 2. Nf3 Nc6 3. Bc4 Bc5 4. c3 Nf6 5. d3 d6 6. Bb3 Be6 7. Nbd2 h6 8. O-O
g5 9. Bxe6 fxe6 10. b4 Bb6 11. Nc4 Nd7 12. a4 a5 13. Qb3 axb4 14. Nxb6 Nxb6 15.
cxb4 Qf6 16. Be3 g4 17. Nd2 Nd4 18. Bxd4 exd4 19. f4 gxf3 20. Rxf3 Qe7 21. Qb2
e5 22. a5 Nd7 23. Qc2 Nf8 24. Nf1 Ng6 25. Ng3 Nh4 26. Rf2 Rf8 27. Rxf8+ Kxf8
28. Rf1+ Kg7 29. Nh5+ Kg6 30. Qe2 Qg5 31. Rf6+ Kh7 32. Rf7+ Kh8 33. Nf6 Qc1+
34. Qf1 Nf3+ 35. gxf3 Rg8+ 36. Nxg8 Qe3+ 37. Kh1 Kxg8 38. Rxc7 Kh8 39. Rxb7 Qf4
40. a6 1-0

[Event "Lliga Catalana eq. DH"]
[Site "?"]
[Date "2014.03.08"]
[Round "7.4"]
[White "Fernandez Muixi, F."]
[Black "Perpinya Rofes, LM."]
[Result "0-1"]
[WhiteElo "2252"]
[BlackElo "2453"]
[PlyCount "54"]
[EventDate "2014.??.??"]
[EventType "team"]
[EventCountry "ESP"]

1. e4 c5 2. Nf3 Nc6 3. d4 cxd4 4. Nxd4 e6 5. Nb5 Nf6 6. N1c3 Bc5 7. Nd6+ Ke7 8.
Nxc8+ Rxc8 9. Bd3 a6 10. O-O Qc7 11. Re1 Ne5 12. h3 h5 13. Be3 Bxe3 14. Rxe3 g5
15. g3 h4 16. g4 Nh7 17. Bf1 Nf8 18. Qd4 Nfg6 19. Rd1 Qc5 20. Ne2 d6 21. b3 b5
22. c3 Rhd8 23. Nc1 Nf4 24. Kh1 Nc6 25. Qxc5 dxc5 26. Ree1 Ne5 27. Bg2 Ned3 0-1

[Event "Lliga Catalana eq. DH"]
[Site "?"]
[Date "2014.03.08"]
[Round "7.4"]
[White "Gomez Jurado, LA."]
[Black "Grafl, F."]
[Result "1-0"]
[WhiteElo "2365"]
[BlackElo "2425"]
[PlyCount "101"]
[EventDate "2014.??.??"]
[EventType "team"]
[EventCountry "ESP"]

1. c4 f5 2. g3 Nf6 3. Nc3 e6 4. Bg2 d5 5. Nf3 c6 6. O-O Bd6 7. d3 O-O 8. cxd5
exd5 9. e4 Nbd7 10. Nd4 Nb6 11. exf5 Re8 12. Bh3 Be5 13. Ne6 Bxe6 14. fxe6 d4
15. Qb3 Kh8 16. Ne2 Nfd5 17. Bd2 Qf6 18. f4 Bd6 19. f5 Ne3 20. Bxe3 dxe3 21. d4
c5 22. dxc5 Bxc5 23. Rac1 Rac8 24. a4 Rc7 25. a5 Nc8 26. Qa4 Rd8 27. b4 Bd6 28.
Rxc7 Bxc7 29. Qb5 b6 30. Rc1 Bd6 31. Qd7 Qf8 32. f6 gxf6 33. Rxc8 Rxc8 34. e7
Bxe7 35. Qxc8 Qxc8 36. Bxc8 Bxb4 37. a6 Kg7 38. Kf1 Kf7 39. Nd4 b5 40. Nxb5 Bc5
41. Ke2 Kg6 42. Nc3 f5 43. Nd5 Kg5 44. Kf3 e2 45. h4+ Kg6 46. Kxe2 Bd6 47. Kf3
h6 48. Ne3 f4 49. gxf4 Kh5 50. Bg4+ Kxh4 51. Nf5# 1-0

[Event "Lliga Catalana eq. DH"]
[Site "?"]
[Date "2014.03.08"]
[Round "7.4"]
[White "Jose Queralto, D."]
[Black "Torrecillas Martinez, A."]
[Result "0-1"]
[WhiteElo "2218"]
[BlackElo "2412"]
[PlyCount "68"]
[EventDate "2014.??.??"]
[EventType "team"]
[EventCountry "ESP"]

1. e4 d6 2. d4 Nf6 3. Nc3 g6 4. g3 Bg7 5. Bg2 O-O 6. Nf3 c5 7. O-O cxd4 8. Nxd4
Nc6 9. Nde2 Rb8 10. a4 a6 11. h3 b5 12. axb5 axb5 13. Be3 b4 14. Nd5 Nd7 15.
Nd4 Bxd4 16. Bxd4 e6 17. Be3 exd5 18. Qxd5 Nde5 19. Rfd1 Ne7 20. Qd4 Bxh3 21.
Bh6 Bxg2 22. Kxg2 N7c6 23. Qd5 Re8 24. f4 Ng4 25. Qxc6 Rc8 26. Qa4 Nxh6 27. Rd4
Qb6 28. Rad1 Ng4 29. R1d2 Ne3+ 30. Kf3 Nxc2 31. Rxd6 Qe3+ 32. Kg4 Qxe4 33. Qd7
Ne3+ 34. Kh4 Qh1+ 0-1

[Event "Lliga Catalana eq. DH"]
[Site "?"]
[Date "2014.03.08"]
[Round "7.4"]
[White "Marcet Bisbal, A."]
[Black "Gual Pascual, A."]
[Result "0-1"]
[WhiteElo "2372"]
[BlackElo "2516"]
[PlyCount "84"]
[EventDate "2014.??.??"]
[EventType "team"]
[EventCountry "ESP"]

1. e4 g6 2. d4 Bg7 3. Nc3 d6 4. Be3 a6 5. Qd2 Nd7 6. Nge2 b5 7. a3 Bb7 8. f3
Rc8 9. Ng3 c5 10. d5 h5 11. Be2 h4 12. Nf1 Ngf6 13. a4 b4 14. Nd1 Qa5 15. Bg5
c4 16. Nfe3 c3 17. bxc3 bxc3 18. Qd4 h3 19. g4 O-O 20. Nc4 Qc7 21. Qe3 Rfe8 22.
Rb1 e6 23. Rxb7 Qxb7 24. Nxd6 Qb4 25. Nxe8 Rxe8 26. dxe6 Rxe6 27. Qxc3 Qxa4 28.
Qc8+ Nf8 29. c4 Re8 30. Qb7 Ne6 31. Be3 Nd7 32. Kf2 Ndc5 33. Qb6 Qa3 34. Qb1
Rd8 35. Re1 Be5 36. Bc1 Qa5 37. Bb2 Bxh2 38. Ne3 Qc7 39. e5 Qe7 40. Rh1 Qh4+
41. Kf1 Bf4 42. Nd5 h2 0-1

[Event "Lliga Catalana eq. DH"]
[Site "?"]
[Date "2014.03.08"]
[Round "7.4"]
[White "Pardo Simon, D."]
[Black "Lillo Castany, V."]
[Result "1-0"]
[WhiteElo "2468"]
[BlackElo "2359"]
[PlyCount "49"]
[EventDate "2014.??.??"]
[EventType "team"]
[EventCountry "ESP"]

1. e4 e5 2. d4 exd4 3. Qxd4 Nc6 4. Qe3 Nf6 5. Bd2 Bb4 6. Nc3 O-O 7. O-O-O Re8
8. Qg3 Rxe4 9. a3 Bd6 10. f4 Re8 11. Bd3 Bf8 12. Nf3 d5 13. Qh4 Be7 14. g4 Bxg4
15. Bxh7+ Nxh7 16. Qxg4 Nf6 17. Qh3 Qc8 18. f5 d4 19. Rhg1 Bf8 20. Bh6 Ne5 21.
Nxe5 Rxe5 22. Bxg7 Bxg7 23. Qh6 Nh5 24. f6 Qf8 25. Rxg7+ 1-0

[Event "Lliga Catalana eq. DH"]
[Site "?"]
[Date "2014.03.08"]
[Round "7.4"]
[White "Subirats Ruiz, S."]
[Black "Fluvia Poyatos, Jordi"]
[Result "1/2-1/2"]
[WhiteElo "2294"]
[BlackElo "2480"]
[PlyCount "86"]
[EventDate "2014.??.??"]
[EventType "team"]
[EventCountry "ESP"]

1. f4 d5 2. Nf3 Bg4 3. e3 Nd7 4. Be2 c6 5. O-O Ngf6 6. c4 e6 7. b3 Bd6 8. Bb2
Qc7 9. d3 a5 10. Nbd2 a4 11. Ng5 Bxe2 12. Qxe2 a3 13. Bc3 h6 14. Nh3 e5 15.
fxe5 Bxe5 16. Bxe5 Nxe5 17. cxd5 cxd5 18. d4 Ned7 19. e4 dxe4 20. Nxe4 O-O 21.
Nxf6+ Nxf6 22. Rxf6 gxf6 23. Qg4+ Kh8 24. Qh4 Kh7 25. Qe4+ f5 26. Qxf5+ Kg7 27.
Nf4 Qd6 28. d5 Kh8 29. Rf1 Rae8 30. h4 b5 31. Rf3 Re1+ 32. Kh2 Re7 33. Rc3 Re5
34. Qd3 Rxd5 35. Qxd5 Qxf4+ 36. Kh3 Rg8 37. Qf3 Qxf3+ 38. Rxf3 Rc8 39. Rxf7 Rc2
40. Rb7 Rxa2 41. Rxb5 Rb2 42. Kh2 Kg7 43. b4 a2 1/2-1/2

[Event "Lliga Catalana eq. DH"]
[Site "?"]
[Date "2014.03.08"]
[Round "7.5"]
[White "Almeida Toledano, D."]
[Black "Fernandez Lopez, J."]
[Result "1-0"]
[WhiteElo "2360"]
[BlackElo "2171"]
[PlyCount "53"]
[EventDate "2014.??.??"]
[EventType "team"]
[EventCountry "ESP"]

1. e4 c5 2. b3 Nc6 3. Bb2 Nf6 4. e5 Nd5 5. g3 d6 6. exd6 Qxd6 7. Nc3 Nd4 8. Bg2
Nb4 9. Rc1 Bf5 10. d3 Rd8 11. Nge2 Qe6 12. O-O Bg4 13. Nxd4 cxd4 14. Nb5 Qd7
15. Nc7+ Qxc7 16. Qxg4 Qd7 17. Qe4 Nc6 18. f4 e6 19. f5 e5 20. f6 g6 21. Qh4 h5
22. Rce1 Qe6 23. Qg5 Bh6 24. Bxc6+ bxc6 25. Qxe5 Be3+ 26. Rxe3 dxe3 27. Qxe6+
1-0

[Event "Lliga Catalana eq. DH"]
[Site "?"]
[Date "2014.03.08"]
[Round "7.5"]
[White "Bergez, L."]
[Black "Bravo Barranco, N."]
[Result "1-0"]
[WhiteElo "2391"]
[BlackElo "2340"]
[PlyCount "47"]
[EventDate "2014.??.??"]
[EventType "team"]
[EventCountry "ESP"]

1. e4 d5 2. exd5 Qxd5 3. Nc3 Qd6 4. d4 c6 5. Nf3 Bg4 6. h3 Bxf3 7. Qxf3 Nf6 8.
g4 g6 9. g5 Nh5 10. Bc4 e6 11. Be3 Nd7 12. O-O-O Be7 13. h4 Qb4 14. Be2 Qa5 15.
Kb1 Rf8 16. Qh3 Ng7 17. Bf4 Nf5 18. Bg4 O-O-O 19. Ne4 Nb6 20. Bh2 Nc4 21. Qb3
Qb5 22. Qxb5 cxb5 23. d5 Nb6 24. d6 1-0

[Event "Lliga Catalana eq. DH"]
[Site "?"]
[Date "2014.03.08"]
[Round "7.5"]
[White "Bofill Mas, A."]
[Black "Ayas Fernandez, A."]
[Result "0-1"]
[WhiteElo "2420"]
[BlackElo "2346"]
[PlyCount "88"]
[EventDate "2014.??.??"]
[EventType "team"]
[EventCountry "ESP"]

1. Nf3 c5 2. g3 b6 3. Bg2 Bb7 4. b3 Nf6 5. Bb2 e6 6. O-O Be7 7. c4 O-O 8. e3 d5
9. Nc3 dxc4 10. bxc4 Nc6 11. Qe2 Rc8 12. Rfd1 Qc7 13. Rab1 Rfd8 14. d3 Rd7 15.
Ne1 Rcd8 16. f4 Nb4 17. Bxb7 Qxb7 18. a3 Nc6 19. g4 Ne8 20. Nf3 Nd6 21. Ba1 Bf8
22. a4 Qc8 23. h4 Nb4 24. h5 f6 25. Rd2 Nf7 26. Rbd1 e5 27. f5 h6 28. e4 Qa6
29. Kg2 Nd6 30. Bb2 Nb7 31. Ba3 Na5 32. Bxb4 cxb4 33. Nd5 Bc5 34. Rb1 Nc6 35.
Ra2 Qb7 36. Nd2 Nd4 37. Qd1 Rxd5 38. cxd5 Rxd5 39. Nb3 Rd7 40. a5 Nb5 41. axb6
axb6 42. Nxc5 bxc5 43. Qb3+ Kh7 44. Ra5 Nc3 0-1

[Event "Lliga Catalana eq. DH"]
[Site "?"]
[Date "2014.03.08"]
[Round "7.5"]
[White "Gonzalez Perez, JA."]
[Black "Adel Lahchaichi, O."]
[Result "0-1"]
[WhiteElo "2232"]
[BlackElo "2343"]
[PlyCount "90"]
[EventDate "2014.??.??"]
[EventType "team"]
[EventCountry "ESP"]

1. e4 c5 2. c3 g6 3. d4 Bg7 4. Nf3 Nf6 5. Bd3 O-O 6. O-O d6 7. h3 Qc7 8. Be3
Nbd7 9. Nbd2 b6 10. Qc2 e5 11. dxe5 dxe5 12. a4 a6 13. Rfe1 Rb8 14. Rac1 b5 15.
axb5 axb5 16. b4 c4 17. Bf1 Ra8 18. Ra1 Bb7 19. Nh2 Qc6 20. f3 Nh5 21. Ng4 Ra6
22. Kh2 Rfa8 23. Rxa6 Qxa6 24. g3 Qa2 25. Rc1 Qxc2 26. Rxc2 f5 27. exf5 gxf5
28. Nh6+ Bxh6 29. Bxh6 f4 30. gxf4 exf4 31. Nxc4 bxc4 32. Bxc4+ Kh8 33. Bf7
Ndf6 34. c4 Bxf3 35. Rf2 Be4 36. b5 Ra1 37. Rg2 Ng3 38. Bxf4 Nf1+ 39. Kg1 Ne3+
40. Kh2 Nxg2 41. Be5 Rf1 42. Bd5 Bxd5 43. cxd5 Nh4 44. b6 Nf3+ 45. Kg2 Nxe5 0-1

[Event "Lliga Catalana eq. DH"]
[Site "?"]
[Date "2014.03.08"]
[Round "7.5"]
[White "Rahal, M."]
[Black "Velasco Blasco, JM."]
[Result "1-0"]
[WhiteElo "2426"]
[BlackElo "2224"]
[PlyCount "83"]
[EventDate "2014.??.??"]
[EventType "team"]
[EventCountry "ESP"]

1. e4 e5 2. Nf3 Nc6 3. Bb5 a6 4. Ba4 Nf6 5. d4 exd4 6. O-O d6 7. Nxd4 Bd7 8.
Nxc6 bxc6 9. Nc3 Be7 10. Bf4 O-O 11. Qd3 Nh5 12. Bd2 f5 13. Qc4+ Kh8 14. Bxc6
Rb8 15. b3 d5 16. Nxd5 Bd6 17. Bxd7 Qxd7 18. Rad1 fxe4 19. Qxe4 Rbe8 20. Qd3
Rf5 21. Be3 Qf7 22. c4 Rd8 23. Qe4 Re8 24. Qg4 Rfe5 25. c5 Rxd5 26. cxd6 cxd6
27. Rxd5 Qxd5 28. Rd1 Qa5 29. b4 Nf6 30. bxa5 Nxg4 31. Rxd6 Ra8 32. Bd4 Kg8 33.
f3 Nh6 34. Kf2 Nf7 35. Rd7 Rc8 36. Ra7 h6 37. Rxa6 Rc2+ 38. Kg3 g5 39. Rg6+ Kf8
40. a6 Rxa2 41. a7 Nd8 42. Rxh6 1-0

[Event "Lliga Catalana eq. DH"]
[Site "?"]
[Date "2014.03.08"]
[Round "7.5"]
[White "Rodriguez Cespedes, A."]
[Black "Pueyo Burrell, D."]
[Result "1/2-1/2"]
[WhiteElo "2476"]
[BlackElo "2293"]
[PlyCount "95"]
[EventDate "2014.??.??"]
[EventType "team"]
[EventCountry "ESP"]

1. e4 c5 2. Nf3 Nc6 3. d4 cxd4 4. Nxd4 g6 5. c4 Bg7 6. Be3 Nf6 7. Nc3 d6 8. Be2
O-O 9. O-O Bd7 10. Qd2 Nxd4 11. Bxd4 Bc6 12. f3 a5 13. Rab1 Nd7 14. Be3 Nc5 15.
b3 Qb6 16. Nb5 Bxb5 17. cxb5 Rfc8 18. Bc4 Qd8 19. Rbd1 a4 20. Qd5 e6 21. Qxd6
Qxd6 22. Rxd6 axb3 23. axb3 Nxb3 24. Bxb3 Rc3 25. Bf2 Rxb3 26. b6 Be5 27. Rd7
Rb2 28. Rxb7 Rd8 29. f4 Bxf4 30. Bc5 Bd6 31. Bd4 Rd2 32. Be3 Re2 33. Bf2 Be5
34. Ra7 Rdd2 35. Ra8+ Kg7 36. Ra4 Rb2 37. g3 Red2 38. Rc4 Re2 39. Ra4 Rec2 40.
Ra7 Rxf2 41. Rxf2 Bd4 42. Raxf7+ Kh6 43. Kg2 Bxf2 44. Rxf2 Rxb6 45. Rf6 Kg7 46.
e5 Rb5 47. Rxe6 Kf7 48. Rf6+ 1/2-1/2

[Event "Lliga Catalana eq. DH"]
[Site "?"]
[Date "2014.03.08"]
[Round "7.5"]
[White "Vigoa Apecheche, Y."]
[Black "Alexandrova, O."]
[Result "1-0"]
[WhiteElo "2321"]
[BlackElo "2448"]
[PlyCount "117"]
[EventDate "2014.??.??"]
[EventType "team"]
[EventCountry "ESP"]

1. d4 Nf6 2. Bg5 e6 3. Nd2 c5 4. e3 Be7 5. Ngf3 O-O 6. Bd3 b6 7. Qe2 Nc6 8. c3
Nd5 9. Bxe7 Qxe7 10. a3 cxd4 11. cxd4 Bb7 12. O-O Rac8 13. Rac1 Nb8 14. Nb3 d6
15. g3 Nf6 16. e4 Nbd7 17. Nfd2 e5 18. d5 Nc5 19. Nxc5 Rxc5 20. Rxc5 bxc5 21.
b4 cxb4 22. axb4 Rb8 23. Ra1 Bc8 24. b5 Qc7 25. Kg2 Nd7 26. Nc4 Nc5 27. Na5 Qd7
28. Bc4 Qh3+ 29. Kg1 Qd7 30. Nc6 Rb7 31. Qe3 Rc7 32. Bf1 h6 33. f3 f5 34. exf5
Qf7 35. g4 Qxd5 36. Rc1 Qf7 37. Bc4 d5 38. Nxe5 Qe7 39. Bxd5+ Kh7 40. Re1 Bb7
41. Ba2 Nd7 42. Nxd7 Qxe3+ 43. Rxe3 Rxd7 44. Bb3 Rd6 45. Kf2 a6 46. Re8 Bd5 47.
Bxd5 Rxd5 48. bxa6 Ra5 49. Re6 Kg8 50. Kg3 Kf7 51. Rb6 Ra4 52. h4 Ra5 53. Re6
Rb5 54. Kf4 Ra5 55. Rc6 Ra4+ 56. Ke5 Ra5+ 57. Kd6 Kf6 58. Kc7+ Ke5 59. Kb7 1-0

[Event "Lliga Catalana eq. DH"]
[Site "?"]
[Date "2014.03.08"]
[Round "7.6"]
[White "Aloma Vidal, R."]
[Black "Pijuan Herranz, M."]
[Result "1-0"]
[WhiteElo "2471"]
[BlackElo "2313"]
[PlyCount "41"]
[EventDate "2014.??.??"]
[EventType "team"]
[EventCountry "ESP"]

1. e4 e5 2. Nf3 Nc6 3. Bb5 Nf6 4. O-O Bc5 5. Nxe5 Nxe4 6. Qe2 Nxe5 7. Qxe4 Qe7
8. Nc3 Ng6 9. Re1 c6 10. d4 Bb6 11. Bg5 Qxe4 12. Rxe4+ Kf8 13. Rae1 f6 14. Bc4
d5 15. Nxd5 Ne5 16. Nxf6 Nxc4 17. Re8+ Kf7 18. R1e7+ Kg6 19. Rxh8 gxf6 20. Rg8+
Kf5 21. Bh6 1-0

[Event "Lliga Catalana eq. DH"]
[Site "?"]
[Date "2014.03.08"]
[Round "7.6"]
[White "Asensio Liñan, T."]
[Black "Martinez Ramirez, E."]
[Result "1-0"]
[WhiteElo "2278"]
[BlackElo "2372"]
[PlyCount "59"]
[EventDate "2014.??.??"]
[EventType "team"]
[EventCountry "ESP"]

1. d4 Nf6 2. Bg5 Ne4 3. Bh4 c5 4. f3 g5 5. fxe4 gxh4 6. e3 Qb6 7. Nc3 Qxb2 8.
Nd5 Qa3 9. Qh5 Nc6 10. Nf3 e6 11. Nf6+ Kd8 12. Kf2 cxd4 13. exd4 Qc3 14. Rd1
Be7 15. e5 Qxc2+ 16. Be2 Bxf6 17. exf6 Rg8 18. Rd2 Qg6 19. Nxh4 Qxf6+ 20. Nf3
d5 21. Qxh7 Rg7 22. Qh8+ Kc7 23. Qf8 Rb8 24. Rc1 Bd7 25. Qa3 Kd8 26. Qf8+ Kc7
27. Qa3 Kd8 28. Bb5 a6 29. Bxc6 Bxc6 30. Qd6+ 1-0

[Event "Lliga Catalana eq. DH"]
[Site "?"]
[Date "2014.03.08"]
[Round "7.6"]
[White "Baños, OF."]
[Black "Gonzalez Garcia, M."]
[Result "1/2-1/2"]
[WhiteElo "2284"]
[BlackElo "2328"]
[PlyCount "51"]
[EventDate "2014.??.??"]
[EventType "team"]
[EventCountry "ESP"]

1. d4 Nf6 2. c4 e5 3. dxe5 Ng4 4. Nf3 Nc6 5. e3 Bb4+ 6. Bd2 Bxd2+ 7. Qxd2 Ngxe5
8. Be2 d6 9. O-O O-O 10. Nc3 Be6 11. Nd5 Nxf3+ 12. Bxf3 Ne5 13. Be2 c6 14. f4
Nxc4 15. Bxc4 Bxd5 16. Bxd5 cxd5 17. Qxd5 Qb6 18. Qb3 Qxb3 19. axb3 Rfc8 20.
Rfc1 a6 21. Rc3 Rc6 22. Rxc6 bxc6 23. Rd1 Rd8 24. Ra1 Ra8 25. Rd1 Rd8 26. Ra1
1/2-1/2

[Event "Lliga Catalana eq. DH"]
[Site "?"]
[Date "2014.03.08"]
[Round "7.6"]
[White "Castellano Egea, E."]
[Black "Panelo Muñoz, MA."]
[Result "1/2-1/2"]
[WhiteElo "2282"]
[BlackElo "2472"]
[PlyCount "129"]
[EventDate "2014.??.??"]
[EventType "team"]
[EventCountry "ESP"]

1. e4 c5 2. Nf3 d6 3. d4 Nf6 4. Nc3 cxd4 5. Nxd4 a6 6. g3 e5 7. Nb3 Be7 8. Bg2
b5 9. Bg5 Nbd7 10. a3 h6 11. Bxf6 Nxf6 12. Nd2 Bg4 13. Bf3 Bh3 14. Nf1 h5 15.
Ne3 Rc8 16. Ncd5 g6 17. Qd3 Nxd5 18. Nxd5 Bg5 19. a4 O-O 20. axb5 axb5 21. c3
Ra8 22. Ke2 Be6 23. h4 Bh6 24. Rhd1 Kh8 25. Kf1 Qb8 26. Kg2 Qb7 27. Be2 Rxa1
28. Rxa1 f5 29. Bf3 f4 30. gxf4 Bxf4 31. Nxf4 Rxf4 32. Qxd6 Bh3+ 33. Kg3 Rf7
34. Qxe5+ Kh7 35. Bxh5 gxh5 36. Qxh5+ Kg8 37. Kxh3 Qxe4 38. Rg1+ Kf8 39. Qc5+
Re7 40. Qc8+ Re8 41. Qg4 Qd3+ 42. Rg3 Qf1+ 43. Kh2 Qxf2+ 44. Rg2 Qf7 45. Qg3
Re6 46. Qb8+ Re8 47. Qd6+ Re7 48. Qd8+ Re8 49. Qd6+ Re7 50. Qd4 Qh7 51. Qf6+
Ke8 52. Qg6+ Qxg6 53. Rxg6 b4 54. c4 Re2+ 55. Rg2 Re4 56. b3 Rxh4+ 57. Kg3 Rd4
58. Re2+ Kd7 59. Kf3 Rd3+ 60. Re3 Rd2 61. Ke4 Kc6 62. Rd3 Re2+ 63. Kd4 Rh2 64.
Re3 Rd2+ 65. Rd3 1/2-1/2

[Event "Lliga Catalana eq. DH"]
[Site "?"]
[Date "2014.03.08"]
[Round "7.6"]
[White "Escobar Torres, A."]
[Black "Avila Jimenez, X."]
[Result "1/2-1/2"]
[WhiteElo "2232"]
[BlackElo "2307"]
[PlyCount "29"]
[EventDate "2014.??.??"]
[EventType "team"]
[EventCountry "ESP"]

1. e4 c6 2. d4 d5 3. Nd2 dxe4 4. Nxe4 Bf5 5. Ng3 Bg6 6. Nf3 Nd7 7. Nh4 Qa5+ 8.
c3 e5 9. Nxg6 hxg6 10. dxe5 O-O-O 11. Be2 Nxe5 12. Qb3 Nd3+ 13. Bxd3 Rxd3 14.
Qc4 Qd5 15. Qxd5 1/2-1/2

[Event "Lliga Catalana eq. DH"]
[Site "?"]
[Date "2014.03.08"]
[Round "7.6"]
[White "Fernandez Alonso, MA."]
[Black "Colon Garcia, E."]
[Result "0-1"]
[WhiteElo "2214"]
[BlackElo "2405"]
[PlyCount "66"]
[EventDate "2014.??.??"]
[EventType "team"]
[EventCountry "ESP"]

1. d4 Nf6 2. c4 e6 3. g3 d5 4. Bg2 Bb4+ 5. Bd2 Be7 6. Nc3 O-O 7. Nf3 dxc4 8.
Qa4 a6 9. Qxc4 b5 10. Qb3 Bb7 11. O-O Nc6 12. e3 Ra7 13. Ng5 e5 14. dxe5 Nxe5
15. Ne6 fxe6 16. Qxe6+ Nf7 17. Bxb7 Rxb7 18. Rfd1 Rb6 19. Qb3 Kh8 20. e4 Qc8
21. Bf4 Qh3 22. Nd5 Ng4 23. Qf3 Bc5 24. Rd2 Qxh2+ 25. Kf1 Nfe5 26. Qg2 Qh5 27.
f3 Nxf3 28. Nxb6 Ngh2+ 29. Qxh2 Nxh2+ 30. Kg2 cxb6 31. Rh1 Rxf4 32. Rxh2 Qf3+
33. Kh3 Be7 0-1

[Event "Lliga Catalana eq. DH"]
[Site "?"]
[Date "2014.03.08"]
[Round "7.6"]
[White "Lopez Agustench, E."]
[Black "Maroto Borras, J."]
[Result "1-0"]
[WhiteElo "2317"]
[BlackElo "2199"]
[PlyCount "109"]
[EventDate "2014.??.??"]
[EventType "team"]
[EventCountry "ESP"]

1. d4 e6 2. g3 d5 3. Bg2 Nf6 4. Nf3 Be7 5. c4 O-O 6. O-O b6 7. cxd5 exd5 8. Ne5
Bb7 9. Nc3 Na6 10. Bf4 c5 11. Rc1 h6 12. dxc5 Nxc5 13. Nb5 Ne6 14. Nd4 Nxd4 15.
Qxd4 Bc5 16. Qd3 Qe7 17. Nf3 Qe4 18. Ne5 Qxd3 19. Nxd3 Bd4 20. Rfd1 Ne4 21. Rc7
Ba6 22. Bxe4 dxe4 23. Nb4 Rfd8 24. Nxa6 Bxf2+ 25. Kxf2 Rxd1 26. Re7 Rd4 27. a3
Rc4 28. Be5 Ra4 29. Nb4 Rd8 30. Ke3 a5 31. Na2 Rc4 32. Nc3 a4 33. Ra7 f6 34.
Bc7 Rc8 35. Bd6 R8c6 36. Bb4 f5 37. Rxa4 g5 38. Nd5 Kf7 39. Ra7+ Ke6 40. Nc3
Ke5 41. Rf7 Rf6 42. Rxf6 Kxf6 43. Nd5+ Ke5 44. Nxb6 f4+ 45. gxf4+ gxf4+ 46. Kd2
Rc6 47. Nd7+ Kf5 48. b3 Rg6 49. a4 Rg2 50. Ke1 e3 51. Kd1 Rxh2 52. a5 Ke4 53.
a6 Rh1+ 54. Be1 Rh5 55. a7 1-0

[Event "Lliga Catalana eq. DH"]
[Site "?"]
[Date "2014.03.08"]
[Round "7.6"]
[White "Martinez Lopez, I."]
[Black "Cervello Tost, F."]
[Result "0-1"]
[WhiteElo "2327"]
[BlackElo "2232"]
[PlyCount "104"]
[EventDate "2014.??.??"]
[EventType "team"]
[EventCountry "ESP"]

1. c4 c5 2. g3 g6 3. Bg2 Bg7 4. Nc3 Nc6 5. e4 e5 6. Nge2 Nge7 7. O-O d6 8. a3
O-O 9. Rb1 a5 10. d3 Bd7 11. Bg5 h6 12. Bxe7 Nxe7 13. b4 axb4 14. axb4 b6 15.
Qb3 Nc6 16. Nd5 Nd4 17. Nxd4 cxd4 18. b5 Be6 19. Nb4 Qd7 20. Ra1 Qxb5 21. Bh3
Qd7 22. Bxe6 fxe6 23. Nc2 Rxa1 24. Rxa1 Qf7 25. Rf1 Rb8 26. f3 h5 27. Kg2 Bh6
28. Qb4 Bf8 29. Qb3 g5 30. Qb5 Be7 31. Qd7 Bf8 32. Qb5 Bh6 33. Qc6 Qe7 34. Nb4
Rf8 35. Qa4 g4 36. Qd1 d5 37. Nc6 Qd6 38. cxd5 exd5 39. exd5 Rf7 40. Qb3 Be3
41. Qa2 Kg7 42. h3 b5 43. hxg4 hxg4 44. fxg4 Rxf1 45. Kxf1 b4 46. Kg2 Kf6 47.
Qc4 Kg5 48. Nxb4 Qf8 49. Qc2 Qxb4 50. Kh3 Qe1 51. Qg2 Qd1 52. Qe4 Qf1+ 0-1

[Event "Lliga Catalana eq. DH"]
[Site "?"]
[Date "2014.03.08"]
[Round "7.6"]
[White "Mateu Guiu, E."]
[Black "Garrido Fernandez, D."]
[Result "1/2-1/2"]
[WhiteElo "2159"]
[BlackElo "2347"]
[PlyCount "85"]
[EventDate "2014.??.??"]
[EventType "team"]
[EventCountry "ESP"]

1. e4 c5 2. Nf3 g6 3. d4 cxd4 4. Nxd4 Nc6 5. Nc3 Bg7 6. Be3 Nf6 7. Bc4 O-O 8.
Bb3 a5 9. O-O Nxd4 10. Bxd4 d6 11. Re1 Bd7 12. Nd5 a4 13. Nxf6+ exf6 14. Bd5
Qc7 15. Re3 Rfe8 16. Rc3 Bc6 17. Qf3 Qd7 18. Bxf6 Bxf6 19. Qxf6 Bxd5 20. exd5
Re5 21. Rd1 Ra5 22. Rcd3 Rc5 23. c3 Re2 24. Re3 Rxe3 25. fxe3 Rc4 26. Rd4 Rc8
27. h3 Re8 28. Qf4 Ra8 29. Re4 Qb5 30. Qxd6 Qxb2 31. Qb4 Qxa2 32. Qxb7 Rd8 33.
c4 a3 34. Rf4 Rf8 35. d6 Qd2 36. Qa7 Qxd6 37. c5 Qd3 38. c6 a2 39. Qxa2 Qxe3+
40. Rf2 Qc1+ 41. Kh2 Qxc6 42. Rf3 Qe6 43. Qb2 1/2-1/2

[Event "Lliga Catalana eq. DH"]
[Site "?"]
[Date "2014.03.08"]
[Round "7.7"]
[White "Hernando Rodrigo, JM."]
[Black "Palomo Teruel, X."]
[Result "1-0"]
[WhiteElo "2368"]
[BlackElo "2171"]
[PlyCount "89"]
[EventDate "2014.??.??"]
[EventType "team"]
[EventCountry "ESP"]

1. Nf3 Nf6 2. g3 g6 3. Bg2 Bg7 4. O-O O-O 5. d4 d5 6. c4 c6 7. cxd5 cxd5 8. Ne5
Nc6 9. Nc3 Be6 10. Bg5 Nd7 11. Nxc6 bxc6 12. Na4 f6 13. Be3 Bf7 14. Rc1 Rc8 15.
Rc3 Qc7 16. Qc2 e5 17. Rc1 Nb8 18. Nc5 f5 19. Qd2 Qe7 20. dxe5 Bxe5 21. Bd4
Rfe8 22. Re3 Qd6 23. Rxe5 Rxe5 24. Qh6 Be8 25. Qf4 Re6 26. Nxe6 Qxe6 27. Qh6
Rc7 28. Rc3 Re7 29. Bc5 Rf7 30. Re3 Qc8 31. Qf4 Nd7 32. Bxa7 Nf6 33. Bd4 Ng4
34. Rb3 Qe6 35. h3 Nf6 36. Re3 Ne4 37. b4 g5 38. Qb8 f4 39. Ra3 Nd6 40. Bc5
fxg3 41. Rxg3 Ne4 42. Bxe4 Qxe4 43. Re3 Qb1+ 44. Kg2 Qf5 45. Qxe8+ 1-0

[Event "Lliga Catalana eq. DH"]
[Site "?"]
[Date "2014.03.08"]
[Round "7.7"]
[White "Leiro Giralt, D."]
[Black "Castellet Giralt, G."]
[Result "0-1"]
[WhiteElo "2317"]
[BlackElo "2293"]
[PlyCount "56"]
[EventDate "2014.??.??"]
[EventType "team"]
[EventCountry "ESP"]

1. e4 c5 2. Nc3 Nc6 3. Nge2 g6 4. d4 cxd4 5. Nxd4 Bg7 6. Nde2 Nf6 7. g3 O-O 8.
Bg2 d6 9. O-O Rb8 10. a4 a6 11. h3 b5 12. axb5 axb5 13. Nd5 Nd7 14. c3 e6 15.
Nb4 Nxb4 16. cxb4 Ne5 17. Ra2 Nc6 18. Bd2 e5 19. Bc3 Be6 20. Ra3 Qd7 21. Kh2
Ra8 22. Qd2 Rxa3 23. bxa3 Bc4 24. Rd1 Qa7 25. Kg1 Bxe2 26. Qxe2 Qxa3 27. Qd2
Nd4 28. Ra1 Qxc3 0-1

[Event "Lliga Catalana eq. DH"]
[Site "?"]
[Date "2014.03.08"]
[Round "7.7"]
[White "Perez Mañas, B."]
[Black "Carrasco Rodriguez, J."]
[Result "1-0"]
[WhiteElo "2375"]
[BlackElo "2283"]
[PlyCount "49"]
[EventDate "2014.??.??"]
[EventType "team"]
[EventCountry "ESP"]

1. d4 d5 2. c4 c6 3. Nc3 e6 4. Nf3 Nf6 5. Bg5 dxc4 6. e4 b5 7. e5 h6 8. Bh4 g5
9. Nxg5 hxg5 10. Bxg5 Nbd7 11. exf6 Qb6 12. g3 Bb7 13. Bg2 O-O-O 14. O-O Bh6
15. Bxh6 Rxh6 16. Ne4 Nxf6 17. Nc5 Rh5 18. a4 a6 19. axb5 axb5 20. b3 cxb3 21.
Qxb3 Nd5 22. Rfc1 Rdh8 23. h4 b4 24. Ra4 Nc3 25. Rxc3 1-0

[Event "Lliga Catalana eq. DH"]
[Site "?"]
[Date "2014.03.08"]
[Round "7.7"]
[White "Perez Mitjans, O."]
[Black "Gonzalez Hernandez, F."]
[Result "1-0"]
[WhiteElo "2471"]
[BlackElo "2267"]
[PlyCount "53"]
[EventDate "2014.??.??"]
[EventType "team"]
[EventCountry "ESP"]

1. e4 c5 2. Nf3 Nc6 3. Bb5 g6 4. Bxc6 dxc6 5. d3 Bg7 6. h3 Nh6 7. O-O b6 8. Nc3
O-O 9. Bf4 f6 10. e5 Nf5 11. Ne4 Nd4 12. exf6 exf6 13. Re1 Ba6 14. Nd6 Qd7 15.
Nxd4 cxd4 16. Qg4 f5 17. Qg3 Rf6 18. Be5 Re6 19. Bxg7 Rxd6 20. Qe5 Rd8 21. Bh6
Qf7 22. Re2 R6d7 23. Rae1 Bb7 24. Qf4 Qd5 25. Qg5 Qd6 26. Re6 Qd5 27. Re8+ 1-0